Správné oblečení jako základ úspěchu

Oblečenie nesie v sebe veľké posolstvo, čo sa týka neverbálnej komunikácie a psychológie odievania. Čo je profesný dress code. Nebezpečné farby, vzory aj materiály. Dress code aj v lete. Black tie alebo white tie? Najväčšie chyby v profesnom obliekaní.

Gespeichert in:
Bibliographische Detailangaben
1. Verfasser: Pružinová, Kristýna
Format: Buchkapitel
Sprache:Tschechisch
Schlagworte:
Tags: Tag hinzufügen
Keine Tags, Fügen Sie das erste Tag hinzu!

MARC

LEADER 00000naa a2200000 4500
001 0242386
005 20180426103837.2
041 0 |a cze 
044 |a CZ 
245 1 0 |a Správné oblečení jako základ úspěchu  |c Kristýna Pružinová 
520 |a Oblečenie nesie v sebe veľké posolstvo, čo sa týka neverbálnej komunikácie a psychológie odievania. Čo je profesný dress code. Nebezpečné farby, vzory aj materiály. Dress code aj v lete. Black tie alebo white tie? Najväčšie chyby v profesnom obliekaní. 
610 2 0 |a odevy 
610 2 0 |a povolanie 
610 2 0 |a práca 
610 2 0 |a rokovania obchodné 
610 2 0 |a muži 
610 2 0 |a ženy 
100 1 |a Pružinová, Kristýna